000 004860000a22001810004500
003 MACL
005 20151219123601.0
008 151219b xxu||||| |||| 00| 0 eng d
040 _aMACL
_cMACL
041 _aEnglish
082 _a306.08/NAN
100 _aNanjundappa, D M
_921258
245 _aBackward Area Development
_bProblems and Prospects
260 _bSterling Publishers P Ltd
_c1982
_aNew Delhi
350 _a150
650 _aSociology
_921259
942 _cBK
_k306.08/NAN
_2ddc
999 _c40928
_d40928